Представление документа в формате RUSMARC

ПолеНазваниеЗначение
  Тип записи a
  Библиографический уровень m
001 Контрольный номер RU/SLIB/B/208728523
005 Дата корректировки 20201206204017.2
010 Индекс ISBN __
d Цена 1-30
101 Язык документа __
a Язык текста rus
200 Заглавие и сведения об ответственности __
a Заглавие Закон свободы
e Сведения, относящиеся к заглавию повесть о Д. Уинстэнли
b Общее обозначение материала Текст
210 Выходные данные __
a Место издания М.
c Издательство Политиздат
d Дата издания 1985
215 Физическое описание __
a Объем 367 с., [7] л. ил.
225 Серия __
a Серия Пламенные революционеры
330 Аннотация __
a Аннотация Герой книги - Джерард Уинстэнли - социалист-утопист, идеолог крайне левого крыла революционнной демократии в период Английской буржуазной революции XVII века. Его идеалом была свободная республика, не знающая частной собственности, эксплуатации человека человеком, имущих и неимущих. Название повести дала идеалистическая утопия Унстэнли, написанная 1652 году. "Закон свободы" стал его идеологическим завещанием, в котором социальные идеалы связаны с чаяниями бедноты, а свобода гражданина характеризуется как свобода от нужды.
600 Персоналии __
a Персоналии (Фамилия) Уинстэнли, Д.
606 Тематические рубрики __
a Основная рубрика История
z Хронологическая подрубрика 1609-1652 гг.; 17 в.
y Географическая подрубрика Англия
606 Тематические рубрики __
a Основная рубрика Европа в XVI в. - 1918 г.
610 Ключевые слова __
a Ключевые слова Английская буржуазная революция; демократия; утописты; закон свободы; биографические повести; внутренняя политика; революции; персоналии
686 Индексы других классификаций __
a Классификационный индекс 63.3(4Вел)512-8
700 Автор __
a Фамилия Павлова
b Имя Т. А.
4 Код отношения 070
801 Источник записи _0
a Страна RU
b Организация Муниципальное бюджетное учреждение культуры "Централизованная библиотечная система" г. Сургут (Центральная городская библиотека им. А. С. Пушкина)
g Правила каталогизации КиК/Елгина
801 Источник записи _1
a Страна RU
b Организация Муниципальное бюджетное учреждение культуры "Централизованная библиотечная система" г. Сургут (Центральная городская библиотека им. А. С. Пушкина)
g Правила каталогизации КиК/Елгина
852 Данные о местонахождении __
j Шифр хранения 63.3(4Вел)512-8
c Каталожный индекс 63.3(4Вел)-8
i Авторский знак П 12
p Инвентарный номер 23004
901 Тип документа __
t Тип документа m
990 Данные о заказе (DOS) __
j Количество экземпляров (DOS) 1